000 00411nam a22001697a 4500
005 20160518121452.0
008 160518b xxu||||| |||| 00| 0 eng d
020 _a10-07-059975-0
041 _aeng
082 _b2909
100 _aLesikar, R.V. Flatley, M.E.
_9750
245 _aBasic Business Communication
260 _aNew Delhi
_bTMH,
_c2005
300 _a606
650 _aManagement
_9241
942 _cBK
999 _c1018
_d1018